000 00364 a2200157 4500
001 162812
020 _a
040 _cMagnum
100 _aYolen, Steve Hyatt
240 1 0 _aCurupira: the protector of the jungle
_lING
245 1 0 _aCurupira: the protector of the jungle
362 0 _a1899
440 1 _aFTD
697 _aLITERATURA ESTRANGEIRA
942 _cBK
999 _c162812
_d162812